| 000 | 00476nam a2200157 a 4500 | ||
|---|---|---|---|
| 001 | 000042097 | ||
| 005 | 20201002035934.0 | ||
| 008 | 131114s1959 ag 000 0 spa d | ||
| 040 |
_aDO-SdBNP _bspa _cBNPHU |
||
| 082 |
_axxxxx _bxxxxx |
||
| 100 | 1 |
_aMarasso, Arturo _941567 |
|
| 245 | 1 | 0 |
_aRubén Darío : _bantología poética / _cArturo Marasso. |
| 260 |
_aBuenos Aires, Argentina : _bKapelusz, _c1959. |
||
| 300 |
_alxxiv, 445 p. ; _c15 cm. |
||
| 504 | _aBibliografías : p. 445 | ||
| 999 |
_c41586 _d41586 |
||